00773 2200301 4500001002100000005001500021007000300036020002200039035002000061040001700081041000800098082001000106084002200116090001600138100002000154245005800174250001000232264004300242300003400285336001500319337001300334338001500347504002500362650001800387850001000405990002800415990002800443INLIS00000000001373720251210085339ta a978-823-5703-04-6 a0010-1225000183 aSBPUPADbind bind a613.2 2[23]a613.2 WID a a613.2 WID a aWidya Ernawati: aAneka Jus Untuk tumbuh Kembang Anak /cWidya Ernawati aCet.2 aYogyakarta :bLembah Buku Group,c2023 a76 hlm :billus. ;c14x21 cm. 2rdacontent 2rdamedia 2rdacarrier aBibliografi : hlm 76 aminuman sehat aPUPAD a39.818/APBN-PUSNAS/H/25 a39.819/APBN-PUSNAS/H/25